| 000 | 00486nam a22001817a 4500 | ||
|---|---|---|---|
| 003 | CEME | ||
| 005 | 20210628205032.0 | ||
| 008 | 210203b xxu||||| |||| 00| 0 eng d | ||
| 020 | _a81-7435-193-0 | ||
| 040 | _c. | ||
| 082 | _a297.5 ISL | ||
| 100 |
_aIslam , K . M _973552 |
||
| 245 | _aThe spectacle of death, including glimpses of life beyond the grave | ||
| 260 |
_aDELHI _bADAM _c2000 |
||
| 300 | _aXX,535P | ||
| 650 |
_aISLAM-THE SPECTACLE OF DEATH. _973553 |
||
| 942 |
_cBK _2ddc |
||
| 999 |
_c579249 _d579249 |
||